<?xml version="1.0" encoding="UTF-8"?>
<record
    xmlns:xsi="http://www.w3.org/2001/XMLSchema-instance"
    xsi:schemaLocation="http://www.loc.gov/MARC21/slim http://www.loc.gov/standards/marcxml/schema/MARC21slim.xsd"
    xmlns="http://www.loc.gov/MARC21/slim">

  <leader>00312nam a22001337a 4500</leader>
  <controlfield tag="003">OSt</controlfield>
  <controlfield tag="005">20231128192428.0</controlfield>
  <controlfield tag="008">231128b        |||||||| |||| 00| 0 eng d</controlfield>
  <datafield tag="040" ind1=" " ind2=" ">
    <subfield code="c">CO-JMCR</subfield>
  </datafield>
  <datafield tag="082" ind1=" " ind2=" ">
    <subfield code="a">N / </subfield>
    <subfield code="b">DUMc</subfield>
  </datafield>
  <datafield tag="100" ind1=" " ind2=" ">
    <subfield code="a">Dumas, Alejandro,</subfield>
    <subfield code="9">41935</subfield>
  </datafield>
  <datafield tag="245" ind1=" " ind2=" ">
    <subfield code="a">El conde de montecristo / </subfield>
  </datafield>
  <datafield tag="942" ind1=" " ind2=" ">
    <subfield code="2">ddc</subfield>
    <subfield code="c">BK</subfield>
  </datafield>
  <datafield tag="999" ind1=" " ind2=" ">
    <subfield code="c">30454</subfield>
    <subfield code="d">16838</subfield>
  </datafield>
  <datafield tag="952" ind1=" " ind2=" ">
    <subfield code="0">0</subfield>
    <subfield code="1">0</subfield>
    <subfield code="2">ddc</subfield>
    <subfield code="4">0</subfield>
    <subfield code="7">0</subfield>
    <subfield code="a">CPL</subfield>
    <subfield code="b">CPL</subfield>
    <subfield code="d">2023-11-28</subfield>
    <subfield code="l">0</subfield>
    <subfield code="o">N /  DUMc</subfield>
    <subfield code="p">00000014123539</subfield>
    <subfield code="r">2023-11-28 00:00:00</subfield>
    <subfield code="w">2023-11-28</subfield>
    <subfield code="y">BK</subfield>
    <subfield code="z">Material interbibliotecario Biblored</subfield>
  </datafield>
</record>
